000 00546nam a2200169Ia 4500
003 GCL
008 140319s9999 xx 000 0 ara d
040 _aGCL /
_cGCL
082 0 4 _aط
_b922.1
_bم ع
100 1 _aمحمد كامل حسن المحامى
245 1 0 _aالحسن بن على عليه السلام /
_cمحمد كامل حسن المحامى
260 _a[S.N] :
_bمنشورات المكتب العالمى
490 _aعظماء الاسلام
_v0
650 0 4 _aالاسلام
650 0 4 _aالاطفال
942 _2ddc
_cBK
999 _c58219
_d58219